000 00696nam a2200205Ia 4500
005 20260121110308.0
008 008 260114s9999 xx 000 0 hin d
020 _a9788132356929
037 _aEBOOK
040 _aCRL
_bhin
_cCRL
041 _ahin
_2hin
084 _qCRL
100 _aसंजीत भाटी / Sanjeet Bhati
_9944425
245 0 _aइस्लामिक वास्तु एवं स्थापत्य कला / Islamic Vastuu aur Sthapatya Kala
260 _bभाषा प्रकाशन / Bhasha Prakashan
_c2021
856 _uhttps://bhashaprakashan.com/product-details/378833
942 _cEBOOK
999 _c1536089
_d1536089